Top 10 Catholic Countries - Statistics

General Stats
  • This quiz has been taken 318 times
    103 since last reset
  • The average score is 8 of 10
Answer Stats
Hint Answer % Correct
≈126.8 million B Brazil
95%
≈51 million U USA
92%
≈40 million F France
91%
≈98.8 million M Mexico
91%
≈50.4 million I Italy
90%
≈32 million S Spain
90%
≈33 million P Poland
77%
≈36 million C Colombia
74%
≈76 million P The Philippines
74%
≈28 million C The Democratic Republic of the Congo
42%
No matching quizzes found
Score Distribution
Percent of People with Each Score
Percentile by Number Answered
Your Score History
You have not taken this quiz since the last reset